| 000 | 00731nab a2200229 4500 | ||
|---|---|---|---|
| 003 | BR-BrBNA | ||
| 005 | 20250228210709.0 | ||
| 008 | 250228b bl.||||| |||| 00| 0 por d | ||
| 040 |
_aBR-BrBNA _bpor |
||
| 072 |
_aF01 ; Q02 ; E70 _b0140 |
||
| 100 | _aAraújo, Carla | ||
| 245 |
_aA era da aveia _bAgronegócios |
||
| 500 | _a3 illus. | ||
| 650 | _aAVEIA | ||
| 650 | _aALIMENTO FUNCIONAL | ||
| 650 | _aCOLHEITA | ||
| 650 | _aBENEFICIAMENTO | ||
| 650 | _aCOMERCIALIZAÇÃO | ||
| 773 | 0 |
_01706 _9347825 _dSão Paulo-SP Editora Três Ltda - E-mail: luizfsa@revistadinheiro.com.br 2004 _o2025-0326 _tDinheiro Rural (Brazil) _x1807-3700 _gv. 2(11) p. 50-51; (Sep 2005) _wBR2025000046 |
|
| 942 | _cANA | ||
| 999 |
_c330210 _d330210 |
||